| 000 | 01051nam2a22002531 4500 | ||
|---|---|---|---|
| 001 | rc\4928529 | ||
| 005 | 20250613042306.0 | ||
| 021 |
_aRU _b[67-31099] |
||
| 035 | _a(NLR Aleph) 008944541 | ||
| 090 |
_a8965598 _c8965598 |
||
| 100 | _a20130426d1966 |||y0rusy50 ca | ||
| 101 | 0 | _arus | |
| 102 | _aRU | ||
| 105 | _aa z ||||| | ||
| 200 | 0 | _aЧ. 1 | |
| 210 |
_d1966 _aБ. м. |
||
| 215 |
_a376 с. _cил. |
||
| 320 | _aУказатель геогр. назв.: с. 366-374 | ||
| 461 | 0 |
_1001rc\4928528 _12001#$aТульский край$eДокументы и материалы$eЧ. 1-$fГос. архив Тул. обл. Тул. гос. пед. ин-т им. Л.Н. Толстого$vЧ. 1 _98965594 _cТула _d1966 _fГос. архив Тул. обл. Тул. гос. пед. ин-т им. Л.Н. Толстого _nПриок. кн. изд-во _oДокументы и материалы : Ч. 1- _tТульский край _vЧ. 1 |
|
| 801 | 0 |
_aRU _bNLR _gpsbo |
|
| 801 | 1 |
_aRU _bELAR _2rusmarc |
|
| 852 |
_aNLR _j67-3/2623 |
||
| 942 | _cBOOK | ||
| 980 | _aNB | ||